000 01239nam a22002295i 4500
001 164512
003 ES-MaACL
005 20251011165010.0
008 020325s1872 sp |||| | spa d
040 _aCAM
_bspa
_cCAM
100 0 _aSan Martín, Antonio de,
_d1841-1887
_9102257
245 1 3 _aEl capitán Chubascos
_b: zarzuela en un acto y en prosa /
_carreglada del francés por Antonio de San Martín y Alfredo Guerra Arderius ; música del maestro M. Nieto.
260 _aMadrid :
_bAdministración de la Galería, teatro de la Zarzuela,
_c1872 (
_fImprenta de José Rodriguez)
300 _a22 p. ;
_c20 cm.
500 1 _aEn port.: Estrenada con notable éxito en el Teatro-Circo de Madrid, la noche del 4 de setiembre de 1872.
500 _aSolo la letra.
596 1 _aEn verso de port. consta: "... de la galería literaria, lírica y dramática de Los Bufos Arderius ..."
700 1 _aGuerra Arderius, Alfredo.
_9127602
700 1 _aNieto, Manuel,
_d1844-1915
_9130485
852 _aES-MaACL
_jF-8558(1)
_z-- Enc. pasta española
_z-- Enc. en un vol. facticio formando parte de la col. "Teatro español moderno" v. 10
_z.- Dedicatoria manuscrita a Leopoldo Ortega de Alfredo Guerra
999 _c164512
_d164512